000 00528nam a2200181Ia 4500
999 _c21394
_d21394
003 OSt
005 20200207144710.0
008 190216s9999||||xx |||||||||||||| ||und||
020 _a9788124010532
040 _coclc
082 _a915
_bPAN/S
100 _aPanikkassery, Velayudhan
_91900
245 0 _aSancharikal Kanda Keralam /
_cVelayudhan Panikkassery
260 _bCurrent Books,
_c2007.
_aKottayam:
300 _a431p
650 _xGeography & Travel
942 _cBK
_2ddc
_h915
_iPAN/S
_k915
_mPAN/S